Statistics for New York Islanders Roster

Click here to take the quiz!

General Stats

  • This quiz has been taken 106 times
    (36 since last reset)
  • The average score is 17 of 26

Answer Stats

number last name % Correct
91Tavares
97%
1Greiss
94%
13Barzal
94%
27Lee
91%
12Bailey
91%
15Clutterbuck
91%
53Cizikas
88%
55Boychuk
82%
7Eberle
79%
41Halak
79%
2Leddy
79%
29Nelson
79%
14Hickey
74%
6Pulock
74%
72Beauvillier
71%
16Ladd
59%
50Pelech
56%
42Mayfield
56%
4Seidenberg
47%
86Kulemin
44%
44De Haan
44%
11Prince
41%
52Johnston
41%
10Quine
29%
88Davidson
21%
21Wagner
21%

Score Distribution

Percentile by Number Answered

Percent of People with Each Score

Your Score History

You have not taken this quiz since the last reset